Sports Quiz

Random Sports or Soccer Quiz

Scottish Premiership Clubs Quiz Stats

 Plays Quiz Updated Sep 14, 2020

Support Sporcle.
Go Orange.
Score 0/12 Timer 05:00
0 Plays Today
In Top Flight Since Club % Correct
1890–91Celtic
99.1%
2016-17Rangers
97.1%
1905–06Aberdeen
84.7%
2020-21Dundee United
83.6%
2017-18Hibernian
66%
2019-20Ross County
64%
1985-86Motherwell
62.6%
1992-93Kilmarnock
59.3%
2014-15Hamilton Academical
59.2%
2009-10St. Johnstone
50.7%
2018-19Livingston
44.8%
2018-19St. Mirren
35.3%

You're not logged in!

Compare scores with friends on all Sporcle quizzes.
OR
Log In

From the Vault

Historical Events of 1789

by LTH

We wanted to include who won the Super Bowl in 1789, but nfl.com doesn't keep records that far back.
Remove Ads.
Support Sporcle.
Get the best of Sporcle when you Go Orange. This ad-free experience offers more features, more stats, and more fun while also helping to support Sporcle. Thank you for becoming a member.

Show Comments

Extras

Top Quizzes Today


Score Distribution

Your Account Isn't Verified!

In order to create a playlist on Sporcle, you need to verify the email address you used during registration. Go to your Sporcle Settings to finish the process.

Report this User

Report this user for behavior that violates our Community Guidelines.

Details: